Welcome to the Holygrace Academy Library

Please use search bar below to get started

OTHELLO (Record no. 2649)

MARC details
000 -LEADER
fixed length control field 00319nam a22001457a 4500
020 ## - INTERNATIONAL STANDARD BOOK NUMBER
ISBN 0-7451-5070-5
082 ## - DEWEY DECIMAL CLASSIFICATION NUMBER
Classification number 823
Item number MUL/I
100 ## - MAIN ENTRY--AUTHOR NAME
Personal name MULHERIN, JENNIFER
100 ## - MAIN ENTRY--AUTHOR NAME
Personal name HEAP, JONATHAN
245 ## - TITLE STATEMENT
Title OTHELLO
260 ## - PUBLICATION, DISTRIBUTION, ETC. (IMPRINT)
Place of publication BATH, AVON
Name of publisher CHERRY TREE
Year of publication 1999
300 ## - PHYSICAL DESCRIPTION
Number of Pages 30
650 ## - SUBJECT ADDED ENTRY--TOPICAL TERM
Topical Term ENGLISH STORY
Geographic subdivision USA
942 ## - ADDED ENTRY ELEMENTS (KOHA)
Koha item type Books
Holdings
Withdrawn status Lost status Collection code Home library Current library Shelving location Date acquired Source of acquisition Cost, normal purchase price Full call number Accession Number Koha item type
    Fiction Main Library Main Library SHELF 3- D- ENGLISH CHILDRENS LITERATURE &MYTHOLOGY 02/04/2007 PURCHASE 199.00 823 MUL/I 00497 Books